Teoría psicoanalítica
Guardat en:
| Autors principals: | , |
|---|---|
| Format: | Llibre |
| Idioma: | espanyol |
| Publicat: |
Buenos Aires
Hormé
1961
|
| Matèries: | |
| Etiquetes: |
Afegir etiqueta
Sense etiquetes, Sigues el primer a etiquetar aquest registre!
|
MARC
| LEADER | 00000nam a2200000 a 4500 | ||
|---|---|---|---|
| 001 | UCY6390 | ||
| 003 | CL-VaPUC | ||
| 008 | 950526e19610104AG |||||||||||||||||spa|d | ||
| 082 | 0 | 4 | |a 150.195 |b KNI |2 21 |
| 100 | 0 | |a Knight, Robert P |e author |9 336299 | |
| 700 | 0 | |a Friedman, Cyrus R |e author |9 336300 | |
| 245 | 1 | 0 | |a Teoría psicoanalítica |
| 300 | |a 217 p | ||
| 942 | |c BK | ||
| 945 | |d 19950526 00:00:00 |a mfernand | ||
| 260 | |a Buenos Aires |b Hormé |c 1961 | ||
| 650 | 0 | |a Psicoanálisis |9 265702 | |
| 650 | 0 | |a Ego |9 310449 | |
| 650 | 0 | |a Pensamiento |9 307612 | |
| 650 | 0 | |a Desarrollo afectivo |9 334359 | |
| 650 | 0 | |a Sueño |9 334635 | |
| 650 | 0 | |a Hipnosis |9 334258 | |
| 650 | 7 | |a PSICOTERAPIA |2 CL-VaPUC |9 336301 | |
| 583 | |a last modification |c 19950526 00:00:00 |k Rodrigo Vera | ||
| 999 | |c 233956 |d 233954 | ||
| 952 | |0 0 |1 0 |4 0 |6 150_195000000000000_KNI_1961 |7 0 |8 X |9 239819 |a BIBEDU |b BIBEDU |d 2019-11-18 |i 1511505 |o 150.195 KNI 1961 |p 1511505 |r 2023-01-13 |w 2019-11-18 |y BK_X |k EDU | ||